[Event "Youth Classic 2016 - Youth Open U14"]
[Site "Hasselgrundhalle - Bad Soden a"]
[Date "2017.10.02"]
[Round "7.19"]
[White "Nedilko, Marko"]
[Black "Markosyan, Aleksandr"]
[Result "0-1"]
[WhiteElo "753"]
[BlackElo "1048"]
[PlyCount "62"]
[EventDate "2017.??.??"]
[WhiteTeam "SG Mörsdorf-Lahr"]
[BlackTeam "SG Idstein"]

1. e4 e5 2. Nf3 Nc6 3. Bc4 Bc5 4. Nc3 Nf6 5. d3 d6 6. Na4 Bb6 7. Nxb6 axb6 8.
Be3 Be6 9. Bxe6 fxe6 10. O-O O-O 11. c3 d5 12. Ng5 h6 13. Nxe6 Qd7 14. Nxf8
Rxf8 15. f3 d4 16. Bd2 dxc3 17. Bxc3 Nh5 18. g3 Qe7 19. Bd2 Qc5+ 20. Rf2 Rf6
21. Qb3+ Kh8 22. a3 Nd4 23. Qd1 Nxf3+ 24. Kg2 Nh4+ 25. gxh4 Qxf2+ 26. Kh1 Qxh4
27. Be1 Rf1+ 28. Kg2 Qf4 29. Rc1 Nf6 30. Rc4 Ng4 31. Qd2 Ne3+ 0-1

[Event "Youth Classic 2016 - Youth Open U14"]
[Site "Hasselgrundhalle - Bad Soden a"]
[Date "2017.10.02"]
[Round "7.20"]
[White "Stapel, Max"]
[Black "Litzinger, Jan"]
[Result "1/2-1/2"]
[WhiteElo "934"]
[BlackElo "805"]
[PlyCount "93"]
[EventDate "2017.??.??"]
[WhiteTeam "SC Flörsheim"]
[BlackTeam "SC Flörsheim"]

1. e4 c6 2. Nf3 d5 3. Nc3 dxe4 4. Nxe4 Bg4 5. Be2 f5 6. Nc5 Qb6 7. d4 Nd7 8.
Nxd7 Bxf3 9. Bxf3 Kxd7 10. O-O Rd8 11. h3 Kc8 12. Be3 e5 13. d5 Qxb2 14. Bxa7
Nf6 15. Re1 e4 16. Bd4 Rxd5 17. Bxb2 Rxd1 18. Bxd1 Bb4 19. Bxf6 Bxe1 20. Bxg7
Rg8 21. f3 Rxg7 22. fxe4 f4 23. Bg4+ Kc7 24. Rxe1 c5 25. Bf3 h6 26. e5 c4 27.
Bxb7 Kxb7 28. a4 f3 29. Kh2 fxg2 30. Rg1 c3 31. Rxg2 Rxg2+ 32. Kxg2 Ka6 33. a5
Kxa5 34. Kg3 Kb4 35. e6 Ka3 36. e7 Kb2 37. h4 Kxc2 38. h5 Kd1 39. Kf4 c2 40.
Kf5 Kd2 41. Kg6 Kd1 42. Kxh6 c1=Q+ 43. Kh7 Qc5 44. e8=Q Qd5 45. Qf8 Qxh5+ 46.
Qh6 Qxh6+ 47. Kxh6 1/2-1/2

[Event "Youth Classic 2016 - Youth Open U14"]
[Site "Hasselgrundhalle - Bad Soden a"]
[Date "2017.10.02"]
[Round "7.21"]
[White "Reinmann, Paul"]
[Black "Li, Toplink"]
[Result "1/2-1/2"]
[WhiteElo "744"]
[BlackElo "767"]
[PlyCount "49"]
[EventDate "2017.??.??"]
[WhiteTeam "SC Eschborn"]
[BlackTeam "Frankfurter TV"]

1. e4 e5 2. Nf3 Nc6 3. Bc4 Bc5 4. d3 d6 5. Ng5 Be6 6. O-O d5 7. Nxe6 fxe6 8.
exd5 exd5 9. Bb3 Nf6 10. c4 d4 11. f4 Qd6 12. Re1 O-O-O 13. fxe5 Nxe5 14. Bf4
h6 15. Bxe5 Qc6 16. Ba4 Qb6 17. Nd2 Qxb2 18. Bb3 Qa3 19. Rf1 Rdg8 20. Bxf6 gxf6
21. Nb1 Qa6 22. Rf5 Qc6 23. Qf3 Be7 24. Nd2 Qd6 25. Ne4 1/2-1/2

[Event "Youth Classic 2017 - Youth Open U14"]
[Site "Bad Soden-Neuenhain, Bürgerhau"]
[Date "2017.10.03"]
[Round "8.1"]
[White "Hagner, Bennet"]
[Black "Gallasch, Jonas"]
[Result "1/2-1/2"]
[WhiteElo "1680"]
[BlackElo "1761"]
[PlyCount "52"]
[EventDate "2017.??.??"]
[WhiteTeam "Frankfurter TV"]
[BlackTeam "SG Porz"]

1. e4 c6 2. d4 d5 3. Nc3 dxe4 4. Nxe4 Bf5 5. Ng3 Bg6 6. h4 h6 7. h5 Bh7 8. Nf3
Nd7 9. Bd3 Bxd3 10. Qxd3 e6 11. O-O Ngf6 12. Bf4 Be7 13. Rfe1 O-O 14. c3 Nd5
15. Qd2 N7b6 16. b3 Nxf4 17. Qxf4 Bd6 18. Qg4 Nd5 19. Rac1 Nf6 20. Qh4 Bxg3 21.
fxg3 Qa5 22. g4 Nh7 23. Rc2 Qd8 24. Qg3 Qb8 25. Qh3 Qf4 26. Rf2 Ng5 1/2-1/2

[Event "Youth Classic 2017 - Youth Open U14"]
[Site "Bad Soden-Neuenhain, Bürgerhau"]
[Date "2017.10.03"]
[Round "8.2"]
[White "Riemann, Jonas"]
[Black "Boder, Jan"]
[Result "1/2-1/2"]
[WhiteElo "1689"]
[BlackElo "1772"]
[PlyCount "90"]
[EventDate "2017.??.??"]
[WhiteTeam "SK Bickenbach"]
[BlackTeam "SG Mörsdorf-Lahr"]

1. e4 c5 2. Nf3 g6 3. d4 cxd4 4. Nxd4 Bg7 5. Nc3 Nc6 6. Be3 Nf6 7. Bc4 d6 8.
Bb3 Bd7 9. f3 Na5 10. Qd2 a6 11. Bh6 Nxb3 12. axb3 O-O 13. O-O-O Qa5 14. Kb1 b5
15. Bxg7 Kxg7 16. g4 b4 17. g5 bxc3 18. gxf6+ exf6 19. Qxc3 Qxc3 20. bxc3 Rfc8
21. Kb2 a5 22. Ra1 a4 23. Ra3 Rc5 24. Rd1 Rh5 25. Rd2 d5 26. exd5 Rxd5 27. c4
Rc5 28. Kc3 Rac8 29. Ne2 Bc6 30. b4 Rh5 31. Nd4 Rh3 32. Nxc6 Rxc6 33. Rf2 Rh4
34. c5 Kf8 35. Rxa4 Rxc5+ 36. Kb3 Re5 37. Ra1 Rh3 38. c3 Ke7 39. Rg1 Kd6 40.
Rg3 Rxg3 41. hxg3 Kc6 42. Kc4 h5 43. Rh2 Re3 44. b5+ Kb6 45. Rf2 Re5 1/2-1/2

[Event "Youth Classic 2017 - Youth Open U14"]
[Site "Bad Soden-Neuenhain, Bürgerhau"]
[Date "2017.10.03"]
[Round "8.3"]
[White "Müller, Maurice-Pascal"]
[Black "Werner, Tom"]
[Result "1/2-1/2"]
[WhiteElo "1403"]
[BlackElo "1554"]
[PlyCount "41"]
[EventDate "2017.??.??"]
[WhiteTeam "SC Landskrone"]
[BlackTeam "VSG Offenbach"]

1. e4 e6 2. d4 d5 3. e5 c5 4. c3 Nc6 5. Nf3 Bd7 6. Be2 Qb6 7. a3 Rc8 8. b4 cxd4
9. cxd4 Nge7 10. O-O Nf5 11. Bb2 Be7 12. Qd2 a6 13. Bd1 Qc7 14. Bc3 b5 15. a4
O-O 16. axb5 axb5 17. Be2 Qb6 18. Na3 Na7 19. Nc2 Rc7 20. Ra3 Rfc8 21. Rfa1
1/2-1/2

[Event "Youth Classic 2017 - Youth Open U14"]
[Site "Bad Soden-Neuenhain, Bürgerhau"]
[Date "2017.10.03"]
[Round "8.4"]
[White "Lorenz, Alexander"]
[Black "Wu, Sifan"]
[Result "1-0"]
[WhiteElo "1539"]
[BlackElo "1264"]
[PlyCount "89"]
[EventDate "2017.??.??"]
[WhiteTeam "SV Bergwinkel"]
[BlackTeam "SV Oberursel"]

1. e4 e5 2. Nf3 Nc6 3. d4 exd4 4. Bc4 Nf6 5. e5 d5 6. Bb5 Nd7 7. Bxc6 bxc6 8.
Qxd4 Bc5 9. Qd3 h6 10. O-O O-O 11. Re1 Re8 12. b3 Nf8 13. Bb2 Ne6 14. Qc3 Bb7
15. b4 d4 16. Qc4 Bb6 17. Nbd2 a5 18. a3 axb4 19. axb4 Rxa1 20. Bxa1 c5 21.
bxc5 Bxc5 22. Nb3 Bxf3 23. Nxc5 Bxg2 24. Nxe6 Rxe6 25. Kxg2 Qg5+ 26. Kf1 Rxe5
27. Rxe5 Qxe5 28. Qxd4 Qg5 29. Bb2 c5 30. Qe5 Qxe5 31. Bxe5 f6 32. Bd6 c4 33.
Ke2 Kf7 34. Kd2 Ke6 35. Bf8 Kf7 36. Bb4 Ke6 37. Kc3 Kd5 38. Bf8 g5 39. Bxh6 Kc5
40. Bf8+ Kd5 41. Be7 Ke6 42. Bd8 g4 43. Kxc4 f5 44. Kd4 Kd6 45. c4 1-0

[Event "Youth Classic 2017 - Youth Open U14"]
[Site "Bad Soden-Neuenhain, Bürgerhau"]
[Date "2017.10.03"]
[Round "8.5"]
[White "Haack, Kevin"]
[Black "Werner, Rosalie"]
[Result "1-0"]
[WhiteElo "1655"]
[BlackElo "1404"]
[PlyCount "107"]
[EventDate "2017.??.??"]
[WhiteTeam "SC Bad Soden"]
[BlackTeam "VSG Offenbach"]

1. c4 d6 2. d4 e6 3. e4 Nf6 4. Nc3 c5 5. d5 e5 6. f4 Bg4 7. Be2 Bxe2 8. Qxe2
Nbd7 9. Nf3 a6 10. fxe5 dxe5 11. O-O Bd6 12. Nh4 g6 13. Bh6 Rg8 14. Bg5 Qe7 15.
Qf3 Qd8 16. Bxf6 Nxf6 17. Qxf6 Qxf6 18. Rxf6 Be7 19. Rb6 Bxh4 20. Rxb7 Bd8 21.
Na4 Be7 22. Nb6 Rd8 23. Ra7 Rd6 24. Nc8 Rd7 25. Rxa6 Rc7 26. Nxe7 Rxe7 27. Ra8+
Kd7 28. Rxg8 f5 29. a4 fxe4 30. a5 Kc7 31. a6 Kb6 32. a7 Rxa7 33. Rxa7 Kxa7 34.
d6 Kb7 35. d7 e3 36. d8=Q e2 37. Rg7+ Ka6 38. Qa8+ Kb6 39. Qb7+ Ka5 40. Qa7+
Kb4 41. Rb7+ Kxc4 42. Qa6+ Kd4 43. Rd7+ Ke3 44. Qd3+ Kf4 45. g3+ Kg5 46. Qxe2
e4 47. Rf7 Kh6 48. Qe3+ g5 49. h4 Kg6 50. Rf1 h6 51. h5+ Kg7 52. Qxe4 Kh8 53.
Qg6 g4 54. Rf8# 1-0

[Event "Youth Classic 2017 - Youth Open U14"]
[Site "Bad Soden-Neuenhain, Bürgerhau"]
[Date "2017.10.03"]
[Round "8.6"]
[White "Goetz, Fenja"]
[Black "Porstendörfer, Eric"]
[Result "1-0"]
[WhiteElo "1236"]
[BlackElo "1253"]
[PlyCount "47"]
[EventDate "2017.??.??"]
[WhiteTeam "SK Bad Homburg"]
[BlackTeam "SK Klingenberg"]

1. e4 e5 2. Nf3 Nc6 3. d4 exd4 4. Bc4 Bc5 5. c3 dxc3 6. Bxf7+ Kxf7 7. Qd5+ Ke8
8. Qh5+ Kf8 9. Qxc5+ Qe7 10. Qxe7+ Ngxe7 11. Nxc3 Nb4 12. O-O b6 13. Bf4 Ba6
14. Rfd1 d6 15. a3 Nd3 16. Bc1 Ng8 17. b4 Nxc1 18. Raxc1 Ke7 19. Nd5+ Kd7 20.
Rxc7+ Kd8 21. Ng5 Ke8 22. Nf7 Rc8 23. Nxh8 Rxc7 24. Nxc7+ 1-0

[Event "Youth Classic 2017 - Youth Open U14"]
[Site "Bad Soden-Neuenhain, Bürgerhau"]
[Date "2017.10.03"]
[Round "8.7"]
[White "Schwegler, Jelena"]
[Black "Czinkota, Michael"]
[Result "1-0"]
[WhiteElo "1462"]
[BlackElo "1035"]
[PlyCount "131"]
[EventDate "2017.??.??"]
[WhiteTeam "SK Bad Homburg"]
[BlackTeam "SC Bad Soden"]

1. e4 e5 2. Nf3 Nc6 3. d4 exd4 4. Nxd4 Nf6 5. Nxc6 bxc6 6. e5 Nd5 7. c4 Nb6 8.
Bd3 Bc5 9. O-O O-O 10. Nc3 d6 11. Re1 Re8 12. Bf4 Bd7 13. Qh5 g6 14. Qh6 f6 15.
exf6 Rxe1+ 16. Rxe1 Qxf6 17. Bg3 Rf8 18. Qh4 Qxh4 19. Bxh4 d5 20. cxd5 cxd5 21.
b3 g5 22. Bg3 Bf5 23. Bxf5 Rxf5 24. Re5 Rxe5 25. Bxe5 d4 26. Nd1 Nd5 27. Kf1 d3
28. Bb2 Kf7 29. a3 Ke6 30. Ke1 Kf5 31. Kd2 h5 32. Kxd3 Nf4+ 33. Kc4 Bd6 34.
Ne3+ Ke6 35. a4 h4 36. Bg7 Kf7 37. Bd4 c5 38. Bxc5 Bxc5 39. Kxc5 Nd3+ 40. Kc6
Nxf2 41. b4 Nd3 42. b5 Nb4+ 43. Kb7 a5 44. bxa6 Nxa6 45. Kxa6 Ke7 46. Kb7 Kd6
47. a5 Kc5 48. a6 Kd4 49. Ng4 Ke4 50. a7 Kf4 51. Nf2 Ke3 52. Ng4+ Kd3 53. a8=Q
h3 54. gxh3 Kd4 55. Qa5 Ke4 56. Qxg5 Kd4 57. Qf5 Kc3 58. Qe4 Kd2 59. Qe3+ Kc2
60. Kb6 Kd1 61. Qf2 Kc1 62. Qe2 Kb1 63. Kb5 Kc1 64. Kb4 Kb1 65. Kb3 Kc1 66.
Qc2# 1-0

[Event "Youth Classic 2017 - Youth Open U14"]
[Site "Bad Soden-Neuenhain, Bürgerhau"]
[Date "2017.10.03"]
[Round "8.8"]
[White "Porstendörfer, Yannik"]
[Black "Rahimova, Sarah"]
[Result "1-0"]
[WhiteElo "1231"]
[BlackElo "987"]
[PlyCount "75"]
[EventDate "2017.??.??"]
[WhiteTeam "SK Klingenberg"]
[BlackTeam "SK Bad Homburg"]

1. c4 e5 2. Nc3 Nc6 3. g3 Nf6 4. Bg2 Bc5 5. a3 a6 6. e3 O-O 7. Nge2 Bb6 8. O-O
d6 9. d4 exd4 10. exd4 Bg4 11. d5 Nd4 12. Qd3 Nxe2+ 13. Nxe2 Qd7 14. Bg5 Rfe8
15. Nf4 Bf5 16. Qb3 Ne4 17. Bxe4 Bxe4 18. Rfe1 Re5 19. Nd3 f6 20. Nxe5 fxe5 21.
Rxe4 Qf5 22. Re2 Qxg5 23. c5 dxc5 24. d6+ Kh8 25. dxc7 Qf6 26. Qd5 Rc8 27. Qxb7
Qe6 28. Rxe5 Qd7 29. Qxb6 Rxc7 30. Re8+ Qxe8 31. Qxc7 h6 32. Qxc5 Qe2 33. Qc3
a5 34. Re1 Qa6 35. Re8+ Kh7 36. Qc2+ Qg6 37. Qxg6+ Kxg6 38. Ra8 1-0

[Event "Youth Classic 2017 - Youth Open U14"]
[Site "Bad Soden-Neuenhain, Bürgerhau"]
[Date "2017.10.03"]
[Round "8.9"]
[White "Koch, Laura"]
[Black "Gräf, Jakob"]
[Result "0-1"]
[WhiteElo "774"]
[BlackElo "1268"]
[PlyCount "74"]
[EventDate "2017.??.??"]
[WhiteTeam "SV Frankfurt Nord"]
[BlackTeam "SV Frankfurt Nord"]

1. e4 c6 2. d4 d5 3. Nc3 dxe4 4. Nxe4 Bf5 5. Ng3 Bg6 6. Nf3 Nd7 7. Bd3 Bxd3 8.
Qxd3 e6 9. O-O Ngf6 10. Re1 Bd6 11. Nf5 Bf8 12. Bf4 g6 13. Nd6+ Bxd6 14. Bxd6
Nb6 15. Be5 Qe7 16. Re3 O-O-O 17. Rd1 Rhe8 18. c4 Ng4 19. Re4 Nxe5 20. Rxe5 Qb4
21. c5 Nd5 22. h3 Qxb2 23. Ng5 f6 24. Rxe6 fxg5 25. Rde1 Rxe6 26. Rxe6 Nf4 27.
Qe4 Nxe6 28. Qxe6+ Kb8 29. Qe7 Qxd4 30. Qxg5 Qd5 31. Qg3+ Ka8 32. h4 Qxc5 33.
Qc7 Qf8 34. Qxh7 Rd1+ 35. Kh2 Qf4+ 36. g3 Qxf2+ 37. Kh3 Qf5+ 0-1

[Event "Youth Classic 2017 - Youth Open U14"]
[Site "Bad Soden-Neuenhain, Bürgerhau"]
[Date "2017.10.03"]
[Round "8.10"]
[White "Murmann, Jonas"]
[Black "Gertel, Josef"]
[Result "0-1"]
[WhiteElo "916"]
[BlackElo "1253"]
[PlyCount "58"]
[EventDate "2017.??.??"]
[WhiteTeam "SG Mörsdorf-Lahr"]
[BlackTeam "SC Frankfurt-West"]

1. d4 Nf6 2. c4 Nc6 3. Nc3 d5 4. Nf3 Bg4 5. e3 e6 6. h3 Bh5 7. Bd3 Bb4 8. a3
Bxc3+ 9. bxc3 h6 10. O-O e5 11. Be2 e4 12. Ne5 Bxe2 13. Qxe2 Qd6 14. c5 Qe6 15.
Qb5 Ke7 16. Qxb7 Nxe5 17. dxe5 Qxe5 18. Bd2 Rhb8 19. Qc6 Nd7 20. Rab1 Rxb1 21.
Rxb1 Rd8 22. Rb7 Rc8 23. f4 exf3 24. gxf3 Qg3+ 25. Kf1 Qxf3+ 26. Ke1 Qh1+ 27.
Ke2 Qg2+ 28. Kd3 Ne5+ 29. Kc2 Nxc6 0-1

[Event "Youth Classic 2017 - Youth Open U14"]
[Site "Bad Soden-Neuenhain, Bürgerhau"]
[Date "2017.10.03"]
[Round "8.11"]
[White "Albrecht, Edwin"]
[Black "Haller, Christian"]
[Result "1-0"]
[WhiteElo "952"]
[BlackElo "1047"]
[PlyCount "121"]
[EventDate "2017.??.??"]
[WhiteTeam "SC Bad Soden"]
[BlackTeam "SC Bad Soden"]

1. e4 e5 2. Nf3 Nc6 3. Bc4 Bc5 4. c3 Nf6 5. d4 exd4 6. cxd4 Bb4+ 7. Bd2 Bxd2+
8. Nbxd2 d5 9. exd5 Nxd5 10. O-O O-O 11. Re1 Bg4 12. Qe2 Nxd4 13. Qe4 Nxf3+ 14.
Nxf3 Be6 15. Rad1 c6 16. h3 Re8 17. b4 b5 18. Bb3 h6 19. a4 Rb8 20. axb5 Rxb5
21. Ba4 Rxb4 22. Qxb4 Nxb4 23. Rxd8 Rxd8 24. Rb1 c5 25. Bb3 Bxb3 26. Rxb3 a5
27. Ra3 Ra8 28. Nd2 Kf8 29. Nc4 Nc6 30. Kf1 Ke7 31. Ke1 Ke6 32. Kd2 Kd7 33.
Nb6+ Kc7 34. Nxa8+ Kb7 35. Kc3 Kxa8 36. Kc4 Kb7 37. Kxc5 Kc7 38. Kb5 Kb7 39.
Rc3 Nd4+ 40. Kxa5 Nc6+ 41. Kb5 Nd4+ 42. Kc5 Ne6+ 43. Kd6 Nf4 44. Rf3 Nxg2 45.
Rxf7+ Kb6 46. Rxg7 Nf4 47. h4 h5 48. Ke5 Nd3+ 49. Kf5 Nxf2 50. Kg5 Ne4+ 51.
Kxh5 Nf6+ 52. Kg5 Ne4+ 53. Kf4 Nc5 54. Rg6+ Kc7 55. h5 Nd3+ 56. Ke3 Ne5 57. Ke4
Nc4 58. h6 Nd2+ 59. Kd3 Nf3 60. Ke3 Ne5 61. Rg7+ 1-0

[Event "Youth Classic 2017 - Youth Open U14"]
[Site "Bad Soden-Neuenhain, Bürgerhau"]
[Date "2017.10.03"]
[Round "8.12"]
[White "Haller, Andreas"]
[Black "Fuchs, Henrik"]
[Result "1-0"]
[WhiteElo "1033"]
[BlackElo "988"]
[PlyCount "161"]
[EventDate "2017.??.??"]
[WhiteTeam "SC Bad Soden"]
[BlackTeam "SC Bad Soden"]

1. e4 e5 2. Nf3 Nc6 3. Bc4 Nf6 4. d3 Be7 5. Nc3 O-O 6. O-O Na5 7. Nxe5 Nxc4 8.
Nxc4 d6 9. h3 Be6 10. Nd2 Qd7 11. Nf3 c6 12. Re1 d5 13. e5 Ne8 14. Bf4 Nc7 15.
Na4 b6 16. Bg5 c5 17. Bxe7 Qxe7 18. d4 Qd7 19. Re3 Qxa4 20. Qd3 h6 21. b3 Qd7
22. Ree1 Bf5 23. Qd2 Rfe8 24. dxc5 bxc5 25. c4 d4 26. Re2 Na6 27. Qa5 Qc6 28.
a3 Nb8 29. b4 Nd7 30. bxc5 Qxc5 31. Qxc5 Nxc5 32. Nxd4 Bd3 33. Re3 Bxc4 34. Rc1
Nd7 35. Rxc4 Nxe5 36. Rc5 Nd7 37. Rxe8+ Rxe8 38. Rc7 Re1+ 39. Kh2 Nb6 40. Rxa7
Rf1 41. f3 Rd1 42. Nb5 Rb1 43. Nd6 Rd1 44. Nxf7 Nc8 45. Ra8 Kxf7 46. Rxc8 Ra1
47. Ra8 Kg6 48. a4 Kh5 49. Ra5+ g5 50. Ra6 Ra2 51. Ra5 Kh4 52. Ra6 Kh5 53. Kg3
Ra3 54. Ra7 Ra2 55. Ra5 Ra3 56. Rb5 Rxa4 57. Kf2 Ra2+ 58. Ke3 Ra3+ 59. Ke4 Ra4+
60. Ke5 Rf4 61. Ke6 Kh4 62. Rf5 Ra4 63. Rf6 Kh5 64. g4+ Kh4 65. Rxh6+ Kg3 66.
Kf5 Ra5+ 67. Kg6 Ra6+ 68. Kxg5 Ra5+ 69. Kg6 Ra6+ 70. Kh5 Ra5+ 71. g5 Kxh3 72.
Rf6 Kg3 73. Kh6 Kh4 74. f4 Kg4 75. f5 Ra1 76. g6 Rh1+ 77. Kg7 Kg5 78. Kf7 Rh6
79. Ke7 Kh5 80. g7 Rh7 81. Rf7 1-0

[Event "Youth Classic 2017 - Youth Open U14"]
[Site "Bad Soden-Neuenhain, Bürgerhau"]
[Date "2017.10.03"]
[Round "8.13"]
[White "Boder, Finn"]
[Black "Edelmann, Viktor"]
[Result "1-0"]
[WhiteElo "968"]
[BlackElo "999"]
[PlyCount "49"]
[EventDate "2017.??.??"]
[WhiteTeam "SG Mörsdorf-Lahr"]
[BlackTeam "SC Frankfurt-West"]

1. e4 e5 2. Nf3 Nc6 3. Bc4 a6 4. a4 h6 5. Nc3 Nf6 6. d3 Bc5 7. Be3 Bxe3 8. fxe3
d6 9. h3 Qe7 10. O-O Be6 11. Nd5 Nxd5 12. exd5 Na5 13. dxe6 Nxc4 14. exf7+ Qxf7
15. dxc4 Qxc4 16. b3 Qc3 17. Qd3 Qc5 18. Qg6+ Kd7 19. Qg4+ Ke8 20. Qxg7 Qxe3+
21. Kh1 Rf8 22. Qxc7 Rg8 23. Qxd6 Kf7 24. Nxe5+ Ke8 25. Qd7# 1-0

[Event "Youth Classic 2017 - Youth Open U14"]
[Site "Bad Soden-Neuenhain, Bürgerhau"]
[Date "2017.10.03"]
[Round "8.15"]
[White "Gärtner, Johannes"]
[Black "Moldenhauer, Lennart"]
[Result "1/2-1/2"]
[WhiteElo "878"]
[BlackElo "1272"]
[PlyCount "64"]
[EventDate "2017.??.??"]
[WhiteTeam "SF Heidesheim"]
[BlackTeam "SV Oberursel"]

1. d4 Nf6 2. Bf4 c5 3. e3 g6 4. Nf3 Bg7 5. Be2 e6 6. h3 Qb6 7. b3 Nc6 8. c3 Nd5
9. Bh2 Qa5 10. Qd2 b6 11. O-O Bb7 12. Rc1 Rc8 13. Qd3 cxd4 14. cxd4 O-O 15. Qb5
Qxb5 16. Bxb5 a6 17. Bd3 Ndb4 18. Bc4 b5 19. Nbd2 bxc4 20. bxc4 Nd3 21. Rcb1
Ncb4 22. a3 Bxf3 23. Nxf3 Nc6 24. Rb3 Nc5 25. Rb6 Ra8 26. Rab1 Ne4 27. Rb7 Ra7
28. Rxa7 Nxa7 29. Rb7 Nc6 30. Rxd7 Rc8 31. c5 Nf6 32. Rb7 Nd5 1/2-1/2

[Event "Youth Classic 2017 - Youth Open U14"]
[Site "Bad Soden-Neuenhain, Bürgerhau"]
[Date "2017.10.03"]
[Round "8.16"]
[White "Moldenhauer, Nils"]
[Black "Senko, Daniel"]
[Result "0-1"]
[WhiteElo "738"]
[BlackElo "1229"]
[PlyCount "58"]
[EventDate "2017.??.??"]
[WhiteTeam "SV Oberursel"]
[BlackTeam "SC Bad Soden"]

1. e4 e5 2. Nf3 Nc6 3. Bc4 Bc5 4. O-O d6 5. d3 Bg4 6. h3 Bh5 7. Bg5 Nf6 8. Nc3
h6 9. Bh4 Nd4 10. g4 Bg6 11. Nxd4 Bxd4 12. Nd5 c6 13. Nxf6+ gxf6 14. c3 Bb6 15.
Qf3 Rg8 16. Bxf6 Qd7 17. d4 Bc7 18. Rfd1 b5 19. Bb3 Qc8 20. h4 h5 21. g5 a5 22.
a4 Rb8 23. Qg3 exd4 24. cxd4 Bxe4 25. Qe3 Qg4+ 26. Kf1 Kd7 27. Bxf7 Rgf8 28.
Bb3 Rbe8 29. Rac1 Bg2+ 0-1

[Event "Youth Classic 2017 - Youth Open U14"]
[Site "Bad Soden-Neuenhain, Bürgerhau"]
[Date "2017.10.03"]
[Round "8.17"]
[White "Markosyan, Aleksandr"]
[Black "Wisniewski, Niklas Lorenz"]
[Result "1-0"]
[WhiteElo "1048"]
[BlackElo "1031"]
[PlyCount "63"]
[EventDate "2017.??.??"]
[WhiteTeam "SG Idstein"]
[BlackTeam "SC Bad Soden"]

1. e4 c5 2. Nf3 Nc6 3. Nc3 d6 4. Bc4 Nf6 5. O-O Bg4 6. Be2 g6 7. d3 Bg7 8. Be3
Bd7 9. Qd2 O-O 10. d4 Qc7 11. Rad1 Rfe8 12. Bf4 e5 13. dxe5 dxe5 14. Bg5 Rad8
15. Nb5 Qb6 16. Qd6 Re6 17. Qc7 Nd4 18. Qxb6 Rxb6 19. Nbxd4 cxd4 20. Nxe5 Bb5
21. c4 Bc6 22. Nxc6 Rxc6 23. e5 Re8 24. exf6 Rxe2 25. fxg7 Rxc4 26. Rfe1 Rxb2
27. Bf6 Rc8 28. Bxd4 Rbc2 29. Bf6 a6 30. h4 b5 31. Rd6 Rxa2 32. Red1 1-0

[Event "Youth Classic 2017 - Youth Open U14"]
[Site "Bad Soden-Neuenhain, Bürgerhau"]
[Date "2017.10.03"]
[Round "8.18"]
[White "Wolf, Jonathan"]
[Black "Stapel, Max"]
[Result "1/2-1/2"]
[WhiteElo "791"]
[BlackElo "934"]
[PlyCount "30"]
[EventDate "2017.??.??"]
[WhiteTeam "SV Frankfurt Nord"]
[BlackTeam "SC Flörsheim"]

1. d4 Nf6 2. Bf4 d6 3. c4 e5 4. Bg3 Be7 5. e3 Bf5 6. Nf3 Ng4 7. h3 Nf6 8. Nc3
O-O 9. Bd3 Bxd3 10. Qxd3 Nc6 11. O-O Nb4 12. Qb1 Nc6 13. Rd1 Nh5 14. Ne4 Nxg3
15. fxg3 h6 1/2-1/2

[Event "Youth Classic 2017 - Youth Open U14"]
[Site "Bad Soden-Neuenhain, Bürgerhau"]
[Date "2017.10.03"]
[Round "8.20"]
[White "Coskun, Eray"]
[Black "Reinmann, Paul"]
[Result "1-0"]
[WhiteElo "795"]
[BlackElo "744"]
[PlyCount "75"]
[EventDate "2017.??.??"]
[WhiteTeam "SC Flörsheim"]
[BlackTeam "SC Eschborn"]

1. e4 e5 2. Nf3 Nc6 3. Bc4 Bc5 4. O-O d6 5. h3 h6 6. d3 Nf6 7. Be3 Bd4 8. c3
Bxe3 9. fxe3 Nh5 10. d4 Ng3 11. Rf2 Nxe4 12. Rf1 Ng3 13. Re1 O-O 14. Nbd2 Na5
15. dxe5 d5 16. Bb3 b5 17. Qc2 Nf5 18. c4 bxc4 19. Ba4 Bd7 20. e4 Nh4 21. Bxd7
Qxd7 22. Nxh4 Nc6 23. Nf5 dxe4 24. Rf1 Nb4 25. Qc3 c5 26. e6 Qd4+ 27. Nxd4 cxd4
28. Qxb4 Kh7 29. exf7 Rab8 30. Qxb8 Rxb8 31. f8=Q Rxf8 32. Rxf8 e3 33. Nxc4 e2
34. Rd8 e1=Q+ 35. Rxe1 a5 36. Nxa5 d3 37. Rxd3 g5 38. Re6 1-0

[Event "Youth Classic 2017 - Youth Open U14"]
[Site "Bad Soden-Neuenhain, Bürgerhau"]
[Date "2017.10.03"]
[Round "8.21"]
[White "Paukstys, Andrius"]
[Black "Li, Toplink"]
[Result "1-0"]
[WhiteElo "975"]
[BlackElo "767"]
[PlyCount "61"]
[EventDate "2017.??.??"]
[WhiteTeam "SC Bad Soden"]
[BlackTeam "Frankfurter TV"]

1. e4 e5 2. Nf3 Nc6 3. Bc4 Bc5 4. O-O Nf6 5. d3 O-O 6. Nc3 b6 7. b3 Bb7 8. Nd5
Be7 9. a4 d6 10. b4 a5 11. b5 Nd4 12. c3 Nxf3+ 13. Qxf3 c6 14. bxc6 Bxc6 15.
Nxe7+ Qxe7 16. Bg5 Rfb8 17. Rab1 Bxa4 18. Bd5 Ra7 19. c4 h6 20. Bxf6 Qxf6 21.
Qe3 Qd8 22. f4 exf4 23. Rxf4 Qg5 24. g3 Kh7 25. Rxb6 Qd8 26. Rxd6 Qe8 27. Qxa7
Rb1+ 28. Kg2 Qe5 29. Rxf7 Qxd6 30. Rxg7+ Kh8 31. Rh7# 1-0

[Event "Youth Classic 2017 - Youth Open U14"]
[Site "Bad Soden-Neuenhain, Bürgerhau"]
[Date "2017.10.03"]
[Round "8.22"]
[White "Edelmann, Anastasija"]
[Black "Nedilko, Marko"]
[Result "1/2-1/2"]
[WhiteElo "956"]
[BlackElo "753"]
[PlyCount "55"]
[EventDate "2017.??.??"]
[WhiteTeam "SC Frankfurt-West"]
[BlackTeam "SG Mörsdorf-Lahr"]

1. e4 e5 2. Nf3 Nc6 3. Nc3 Nf6 4. Bb5 d6 5. d4 Bd7 6. Bxc6 Bxc6 7. d5 Bd7 8.
Qe2 c6 9. Bg5 Be7 10. h4 h6 11. Bxf6 Bxf6 12. dxc6 bxc6 13. Rd1 Qc7 14. Qc4 Rc8
15. b4 Be6 16. Nd5 cxd5 17. Qxc7 Rxc7 18. exd5 Bf5 19. O-O O-O 20. b5 Bxc2 21.
Rc1 Rfc8 22. g4 Ba4 23. Rxc7 Rxc7 24. Rb1 g6 25. b6 axb6 26. Rxb6 Be7 27. Ra6
Be8 28. h5 1/2-1/2

[Event "Youth Classic 2017 - Youth Open U14"]
[Site "Bad Soden-Neuenhain, Bürgerhau"]
[Date "2017.10.03"]
[Round "8.23"]
[White "Lassek, Bjarne"]
[Black "Samodurow, Georg"]
[Result "1/2-1/2"]
[WhiteElo "731"]
[BlackElo "831"]
[PlyCount "55"]
[EventDate "2017.??.??"]
[WhiteTeam "SC Nied"]
[BlackTeam "SC Bad Soden"]

1. e4 e5 2. Nf3 Nc6 3. Bc4 Bc5 4. c3 Nf6 5. d4 exd4 6. cxd4 Bb4+ 7. Bd2 Bxd2+
8. Nbxd2 d5 9. exd5 Nxd5 10. O-O O-O 11. Re1 Bf5 12. Qb3 Na5 13. Qb5 c6 14. Qc5
Nxc4 15. Nxc4 Nf4 16. Re3 Qf6 17. Qe5 Bd3 18. Qxf6 gxf6 19. g3 Nh3+ 20. Kg2
Nf4+ 21. gxf4 Bxc4 22. Kh3 Kh8 23. b3 Be6+ 24. Kh4 Rg8 25. h3 Rae8 26. Rae1 f5
27. Ng5 Rg6 28. Kh5 1/2-1/2

[Event "Youth Classic 2017 - Youth Open U14"]
[Site "Bad Soden-Neuenhain, Bürgerhau"]
[Date "2017.10.03"]
[Round "9.1"]
[White "Werner, Tom"]
[Black "Gallasch, Jonas"]
[Result "0-1"]
[WhiteElo "1554"]
[BlackElo "1761"]
[PlyCount "36"]
[EventDate "2017.??.??"]
[WhiteTeam "VSG Offenbach"]
[BlackTeam "SG Porz"]

1. c4 Nf6 2. g3 c6 3. Nc3 d5 4. d4 e6 5. Nf3 Be7 6. e3 Nbd7 7. cxd5 exd5 8. Bg2
O-O 9. O-O Re8 10. Qc2 Bd6 11. a3 Nf8 12. Nd2 Bg4 13. f3 Bh5 14. e4 dxe4 15.
fxe4 Bc7 16. e5 Qxd4+ 17. Kh1 Qxe5 18. Nf3 Qa5 0-1

[Event "Youth Classic 2017 - Youth Open U14"]
[Site "Bad Soden-Neuenhain, Bürgerhau"]
[Date "2017.10.03"]
[Round "9.2"]
[White "Boder, Jan"]
[Black "Hagner, Bennet"]
[Result "1/2-1/2"]
[WhiteElo "1772"]
[BlackElo "1680"]
[PlyCount "69"]
[EventDate "2017.??.??"]
[WhiteTeam "SG Mörsdorf-Lahr"]
[BlackTeam "Frankfurter TV"]

1. c4 d6 2. g3 Nf6 3. Bg2 g6 4. Nc3 Bg7 5. e3 O-O 6. Nge2 Nc6 7. O-O e5 8. a3
Be6 9. d3 a5 10. Bd2 Nd7 11. Nb5 Nb6 12. Bc3 d5 13. b3 Ne7 14. c5 Nd7 15. b4
Nc6 16. Qd2 Na7 17. Nxa7 Rxa7 18. f4 c6 19. Qb2 f6 20. Rab1 axb4 21. Bxb4 Qc7
22. e4 b6 23. exd5 Bxd5 24. Bxd5+ cxd5 25. c6 Nc5 26. Bxc5 bxc5 27. Qb5 Ra5 28.
Qb7 Ra7 29. Qb5 Ra5 30. Qb7 Ra7 31. Qb6 Qxb6 32. Rxb6 Rc8 33. Rc1 Bf8 34. Nc3
c4 35. Rb7 1/2-1/2